Acteurs, actrices, chanteurs et réalisateurs par syllabes - Statistiques

Statistiques générales
  • Ce quiz a été pris 9 fois
  • Le résultat moyen est 2 sur 8
Statistiques - réponses
Hint Réponse % Correct
Actrice italienne de "Mariage à l'italienne" Sophia Loren
63%
Réalisateur italien de "la grande bouffe" Marco Ferreri
50%
Acteur de "Madame est servie" (attention, prendre les 2 dernières syllabes du chanteur précédent au lieu d'une seule) Tony Danza
50%
Acteur italien ex mari d'Annie Girardot Renato Salvatori
25%
Actrice américaine ex mannequin connue pour son rôle dans l'arme fatale 3 et 4 et qui a le même nom qu'un acteur français dont le prénom est Daniel Rene Russo
25%
Actrice américaine d'origine hongroise qui a tourna "Moulin Rouge" de John Houston et qui fut mariée 9 fois Zsa Zsa Gabor
25%
Chanteur de "j'entends siffler le train" Ricgard Anthony
0%
Acteur américain qui partage la vedette avec John Wayne dans "Alamo" Richard Widmark
0%
Aucun quiz correspondant
Distribution des résultats
% des personnes avec chaque résultat
Percentile par nombre de réponses
Votre historique - résultats
Vous n’avez pas pris ce quiz